| 000 | 00747nam a22002057a 4500 | ||
|---|---|---|---|
| 005 | 20180310114444.0 | ||
| 010 | _aB-663985 | ||
| 020 |
_a9788126045693 _c115.00 |
||
| 035 | _aB-663985 | ||
| 037 |
_adpl _bPBD |
||
| 082 | _a891.421 | ||
| 100 | _aDeed, Jaswant | ||
| 245 |
_aKamandal / _cby Jaswant Deed ; english translated by Madhumeet |
||
| 260 |
_aNew Delhi _bSahitya Akademi _c2014 |
||
| 270 |
_aSwati, Mandir Marg, _bNew Delhi _e110001 |
||
| 300 |
_axii,115p. _c23cm(pbk) |
||
| 700 | _aMadhumeet | ||
| 942 |
_2ddc _cEN _mDEE _h891.421 |
||
| 999 |
_c150316 _d150316 |
||